000 01808nam a2200241Ia 4500
003 Ost
005 20260507075127.0
008 260507s9999||||xx |||||||||||||| ||und||
020 _a5275673977
040 _cfsecg
041 _aara
082 _a330
100 _aإبراهيم، درةعبد الباري
_eمؤلف
245 0 _aتكنولوجيا الأداء البشري في المنظمات :
_bالأسس النظرية ودلالاتها في البيئة العربية المعاصرة /
_c درةعبد الباري إبراهيم
260 _aالقاهرة:
_bالمنظمة العربية للتنمية الإدارية,
_c2003
300 _a295 صفحة؛
_bإيضاحات ؛
_c24 سم
490 _aبحوث ودراسات
520 _aحركة تكنولوجيا الأداء البشري-تحديد المفهوم والمعالم-أصول حركة تكنولوجيا الأداء البشري-نماذج فكرية في حركة تكنولوجيا الأداء البشري-التدريب وحركة تكنولوجيا الأداء البشري-الإستشارات الإدارية وحركة تكنولوجيا الأداء البشري-المدرسة البريطانية في العمل-الأداء المتقدم والتعلم في مواقع العمل-الجامعات الخاصة الأردنية والعمل ذو الأداء المتقدم:دراسة حالة-دلالات حركة تكنولوجيا الأداء البشري في البيئة الإدارية العربية المعاصرة:الحالات الإدارية-التقنيات الحديثة
653 _aالأداء البشري في المنظمات
653 _aالبيئة العربية المعاصرة
653 _aتكنولوجيا الأداء البشري
942 _cكتاب
999 _c43173
_d43173